| 000 | 00588nam a22001937a 4500 | ||
|---|---|---|---|
| 003 | OSt | ||
| 005 | 20140310182754.0 | ||
| 008 | 130204t xxu||||| |||| 00| 0 eng d | ||
| 050 |
_aBS 1901 _b.Am512 1982 |
||
| 082 |
_aM 220.5 _b.M42 1982 |
||
| 245 |
_aGood news : New Testament and Psalms : _bthe New Testament in today's English version. _cAmerican Bible Society |
||
| 260 |
_a[S.l.] : _bPhilippine Bible Society, _cc1984. |
||
| 300 |
_a469 p. ; _b ill. ; _c20 cm. |
||
| 521 | _acollege students | ||
| 526 | _c1210L-1700L | ||
| 541 | _j1 | ||
| 562 | _e1 | ||
| 942 |
_2lcc _cBK _kM |
||
| 999 |
_c15824 _d15824 |
||